000 02449nam a22003737a 4500
001 105848
003 KnowledgeUnlatched
005 20210303104918.0
006 m o d
007 cr u||||||||||
008 210129p20202020xx o u00| u spa d
037 _5BiblioBoard
245 0 3 _aLa cocina de los venenos
_bAspectos de la criminalidad en el Nuevo Reino de Granada, siglos XVII y XVIII /
_cJuan Sebatián Ariza Martínez.
020 _a9789587385502
029 1 _ahttps://library.biblioboard.com/ext/api/media/70b441b3-2860-4663-836e-dfd06ab08179/assets/thumbnail.jpg
040 _aScCtBLL
_cScCtBLL
100 1 _aAriza Martínez, Juan Sebatián
_eauthor.
264 1 _bSciELO Books - Editorial Universidad del Rosario,
300 _a1 online resource.
490 1 _aCiencias Humanas
506 0 _aAccess copy available to the general public.
_fUnrestricted
_2star
520 _aDurante los siglos XVII y XVIII se presentaron varias querellas ante el tribunal de justicia criminal del Nuevo Reino de Granada, en las que se denunciaba que había personas que ejercían los oficios médicos sin tener títulos que los acreditaran como facultativos en las artes curativas. Por ese entonces, se creía que quienes utilizaban yerbas y conjuros como métodos terapéuticos, por lo general mujeres, debían ser juzgadas como yerbateras-envenenadoras, porque no pretendían curar sino matar a quien consumiera sus preparados. Este texto establece que los procesos criminales por envenenamiento constituyen un prisma en el que convergen diferentes problemáticas del periodo colonial neogranadino, relacionadas con la salud, los oficios médicos, las enfermedades, las creencias mágico-religiosas, el ideal de mujer en la época, la delincuencia, y las dinámicas de las instituciones españolas, entre otras.
588 0 _aDescription based on print version record.
590 _aKU Open Services
650 7 _aHistory
_2bisacsh
650 0 _aHistory
655 0 _aElectronic books.
758 _iIs found in:
_aKnowledge Unlatched
_1https://openresearchlibrary.org/module/2774bc74-146a-484f-a7ba-ab1d6a09bbfb
830 0 _aCiencias Humanas
856 4 0 _uhttps://openresearchlibrary.org/content/70b441b3-2860-4663-836e-dfd06ab08179
_zView this content on Open Research Library.
_70
999 _c32933
_d32933